000 00452nam a2200169 i 4500
001 bg
245 0 _aFiziceskie i fiziko-chimiceskie svojstva ferritov.
260 _aMinsk :
_bIzdat. "Nauka i Technika",
_c1975.
300 _as. 231, nlb. 1 :
_brys., tab., ilustr.
500 _a[Alf. ros.].
504 _a[Zawiera bibliogr.].
040 _cBPK
041 _apol
080 _a537.226
942 _cKS
008 s pl f |000 0 pol
999 _c16644
_d16644
856 _uhttp://koha.tu.koszalin.pl/cgi-bin/koha/opac-detail.pl?biblionumber=16644
_yKatalog online BPK